| 000 | 00414nam a22001697a 4500 | ||
|---|---|---|---|
| 003 | CEME | ||
| 005 | 20210628203935.0 | ||
| 008 | 210311b xxu||||| |||| 00| 0 eng d | ||
| 020 | _a0-471-59964-6 | ||
| 040 | _c. | ||
| 082 | _a620.0042 ERT'E | ||
| 100 |
_aErtas, A, Jones, J. C _967522 |
||
| 245 | _aThe eningeering design process | ||
| 260 |
_aNEWYORK _bJOHN WILEY _c1993 |
||
| 300 | _a525P | ||
| 942 |
_cBK _2ddc |
||
| 999 |
_c575610 _d575610 |
||